000 004980000a22001690004500
090 _aAR
_b00690
245 1 0 _aAdaptive radiation in the Melastomataceae along an altitudinal gradient in Peru
650 1 4 _aEvolución
_992797
650 1 4 _aBiogeografía
_992747
650 1 4 _aDistribución altitudinal
_94375
651 4 _pPerú
_992749
653 _fMelastomataceae
041 0 _aInglés
100 1 _aDudley, Elizabeth C.
_993837
942 _cARTICULO
773 1 _tBiotropica
_39
_h2
_q13-14
_d1978
_g10
999 _c9781
_d9781